| 000 | 01136nam a22002775a 4500 | ||
|---|---|---|---|
| 999 |
_c27139 _d27111 |
||
| 005 | 20190213134602.0 | ||
| 008 | 190213t2017 a frb 001 0 eng d | ||
| 020 | _a9781496363541 | ||
| 020 | _a149636354X | ||
| 040 |
_aEG-ScBUE _beng _cEG-ScBUE _dEG-ScBUE |
||
| 082 | 0 | 4 |
_a612.015 _bFER _222 |
| 100 | 1 |
_a Ferrier, Denise R. _930039 |
|
| 245 | 1 | 0 |
_aLippincott illustrated reviews : _bbiochemistry / _cDenise R. Ferrier. |
| 250 | _a7th ed. | ||
| 260 |
_aPhiladelphia : _bWolters Kluwer, _cc.2017. |
||
| 300 |
_aviii, 567 p. : _bill. (col.) ; _c28 cm. |
||
| 504 | _aIncludes bibliographical references and index. | ||
| 520 | _aLippincott Illustrated Reviews: Biochemistry is the long-established, first-and-best resource for the essentials of biochemistry. Students rely on this text to help them quickly review, assimilate, and integrate large amounts of critical and complex information. | ||
| 650 | 7 |
_aBiochemistry. _2BUEsh |
|
| 650 | 7 |
_aBiochemistry _vExamination Questions. _2BUEsh |
|
| 650 | 7 |
_aClinical biochemistry. _2BUEsh _936628 |
|
| 651 | _2BUEsh | ||
| 653 |
_bPPhrm _cFebruary2019 |
||
| 655 | _vText book | ||
| 942 | _2ddc | ||